Central Library OPAC University of Rajshahi

Romeo & Juliet / (Record no. 19845)

MARC details
000 -LEADER
fixed length control field 00827nam a22002652 4500
001 - CONTROL NUMBER
control field 19845
003 - CONTROL NUMBER IDENTIFIER
rucl marc code BD-RjUL
005 - DATE AND TIME OF LATEST TRANSACTION
control field 20211209000503.0
008 - FIXED-LENGTH DATA ELEMENTS--GENERAL INFORMATION
fixed length control field 140225r19481947e 000 0 eng c
035 ## - SYSTEM CONTROL NUMBER
System control number (BD-RjUL)19906
040 ## - CATALOGING SOURCE
Original cataloging agency NJB
Transcribing agency NJB
Modifying agency EQO
-- BD-RjUL
Language of cataloging eng
041 ## - LANGUAGE CODE
Language code of text/sound track or separate title eng
082 04 - DEWEY DECIMAL CLASSIFICATION NUMBER
Classification number 822.33
Author mark and year SHR 1948
100 1# - MAIN ENTRY--PERSONAL NAME
Personal name Shakespeare, William,
Dates associated with a name 1564-1616.
9 (RLIN) 60949
245 10 - TITLE STATEMENT
Title Romeo & Juliet /
Statement of responsibility, etc. ed. by Ralph E. C. Houghton.
260 ## - PUBLICATION, DISTRIBUTION, ETC. (IMPRINT)
Place of publication, distribution, etc. Oxford :
Name of publisher, distributor, etc. Clarendon Press,
Date of publication, distribution, etc. 1947 [reprinted 1948].
300 ## - PHYSICAL DESCRIPTION
Pagination 192 p. :
Illustrations illus. ;
Size 18 cm.
490 0# - SERIES STATEMENT
Series statement The New Clarendon Shakespeare
600 ## - SUBJECT ADDED ENTRY--PERSONAL NAME
Dates associated with a name Shakespeare, William, -- 1564-1616 -- Outlines, syllabi, etc.
650 ## - SUBJECT ADDED ENTRY--TOPICAL TERM
Topical term or geographic name as entry element
9 (RLIN) 60951
700 1# - ADDED ENTRY--PERSONAL NAME
Personal name Houghton, Ralph Edward Cunliffe.
942 ## - ADDED ENTRY ELEMENTS (KOHA)
Source of classification or shelving scheme Dewey Decimal Classification
Koha item type Books
Holdings
Lost status Source of classification or shelving scheme Damaged status Not for loan Collection code Permanent Location Current Location Shelving location Date acquired Source of acquisition Cost, normal purchase price Total Checkouts Full call number Date last seen Copy number Koha item type
  Dewey Decimal Classification   Not For Loan Fiction Central Library, University of Rajshahi Central Library, University of Rajshahi Reading Room 22/01/1955 M.B.P. dacca 2.13   822.33 SHR 1948 25/02/2014 C-1 Books